| 000 | 00559nam a22001937a 4500 | ||
|---|---|---|---|
| 001 | BD-DhSAU 6328 | ||
| 003 | BD-DhSAU | ||
| 005 | 20150507172711.0 | ||
| 008 | 150507b2000 ii a|||| |||| 00| 0 eng d | ||
| 020 | _a8120413245 | ||
| 040 | _aBD-DhSAU | ||
| 082 |
_222 _a613.2 _bNUT |
||
| 245 |
_aNutrition research : _bcurrent scenario and future trends / _cEdited by Kamala Krishnaswamy |
||
| 260 |
_aNew delhi : _bOxford publishers , _cc2000. |
||
| 300 |
_axiv, 232 p.: _bill. ; _c24 cm. |
||
| 590 | _aIMRAN | ||
| 650 | _aNutrition | ||
| 700 | _a Krishnaswamy, Kamala | ||
| 942 |
_2ddc _cBOOK |
||
| 999 |
_c6328 _d6328 |
||